[Event "Komarom Esztergom County-chT"]
[Site "Hungary"]
[Date "2013.04.28"]
[Round "10.4"]
[White "Ivan, Csaba"]
[Black "Malomsoki, Laszlo"]
[Result "1-0"]
[WhiteElo "1879"]
[BlackElo "1706"]
[PlyCount "95"]
[EventDate "2012.09.29"]
[EventType "team-tourn"]
[EventRounds "10"]
[EventCountry "HUN"]
[SourceTitle "EXT 2014"]
[Source "ChessBase"]
[SourceDate "2013.11.20"]
[SourceVersion "1"]
[SourceVersionDate "2013.11.20"]
[SourceQuality "1"]
[WhiteTeam "Acsi Kinizsi SC"]
[BlackTeam "Kisber Aszar"]
[WhiteTeamCountry "HUN"]
[BlackTeamCountry "HUN"]

1. c4 c5 2. Nc3 e6 3. g3 d5 4. cxd5 exd5 5. d4 cxd4 6. Qxd4 Be6 7. e4 Nc6 8. Bb5 a6 9. Bxc6+ bxc6 10. exd5 cxd5 11. Nge2 Qd7 12. Nf4 Nf6 13. Nxe6 fxe6 14. 0-0 Rc8 15. Bg5 Bc5 16. Qd3 0-0 17. Bxf6 Rxf6 18. Qxa6 Rcf8 19. Nd1 e5 20. Qe2 Qh3 21. Kh1 Rf3 22. Rc1 Bd4 23. Rc6 Rxg3 24. Rg1 Rxg1+ 25. Kxg1 Rf4 26. Ne3 Rf3 27. Qa6 Rf8 28. Qe2 h5 29. Rg6 Qh4 30. Rg3 Qf6 31. Nd1 h4 32. Rg4 e4 33. b4 Qb6 34. b5 Qc5 35. a4 Qc1 36. Kg2 Rf3 37. h3 Rd3 38. Qa2 Bf6 39. Ne3 Kh7 40. Nxd5 Bd8 41. Ne3 Qc8 42. Qf7 Bf6 43. Rxe4 Qc5 44. Qe6 Qg5+ 45. Rg4 Qe5 46. Rxh4+ Kg6 47. Rg4+ Kh5 48. Qf7+ 1-0